Latin American art of the 20th century / (Record no. 302)
[ view plain ]
| 000 -LEADER | |
|---|---|
| campo de control de longitud fija | 00978mam a2200301 a 4500 |
| 001 - NÚMERO DE CONTROL | |
| campo de control | 1352950 |
| 005 - FECHA Y HORA DE LA ÚLTIMA TRANSACCIÓN | |
| campo de control | 20220326193301.0 |
| 008 - DATOS DE LONGITUD FIJA--INFORMACIÓN GENERAL | |
| campo de control de longitud fija | 930622s1993 enk 000 0 eng d |
| 010 ## - NÚMERO DE CONTROL DE LA BIBLIOTECA DEL CONGRESO | |
| Número de control de LC | 92070861 |
| 020 ## - NÚMERO INTERNACIONAL ESTÁNDAR DEL LIBRO | |
| Número Internacional Estándar del Libro | 0500202605 (pbk.) |
| 035 ## - NÚMERO DE CONTROL DEL SISTEMA | |
| Número de control de sistema | (OCoLC)233935297 |
| 035 ## - NÚMERO DE CONTROL DEL SISTEMA | |
| Número de control de sistema | (OCoLC)ocn233935297 |
| 035 ## - NÚMERO DE CONTROL DEL SISTEMA | |
| Número de control de sistema | (NNC)1352950 |
| 040 ## - FUENTE DE CATALOGACIÓN | |
| Centro catalogador/agencia de origen | TJC |
| Centro/agencia transcriptor | TJC |
| 082 ## - NÚMERO DE LA CLASIFICACIÓN DECIMAL DEWEY | |
| Número de clasificación | 709.04 |
| Número de ítem | L937-l |
| 100 1# - ENTRADA PRINCIPAL--NOMBRE DE PERSONA | |
| Nombre de persona | Lucie-Smith, Edward. |
| 9 (RLIN) | 1414 |
| 245 10 - MENCIÓN DEL TÍTULO | |
| Título | Latin American art of the 20th century / |
| Mención de responsabilidad, etc. | Edward Lucie-Smith. |
| 260 ## - PUBLICACIÓN, DISTRIBUCIÓN, ETC. | |
| Lugar de publicación, distribución, etc. | London ; |
| -- | New York, N.Y. : |
| Nombre del editor, distribuidor, etc. | Thames and Hudson, |
| Fecha de publicación, distribución, etc. | c1993. |
| 300 ## - DESCRIPCIÓN FÍSICA | |
| Extensión | 216 p. : |
| Otras características físicas | ill. (some col.) ; |
| Dimensiones | 21 cm. |
| 490 1# - MENCIÓN DE SERIE | |
| Mención de serie | World of art |
| 504 ## - NOTA DE BIBLIOGRAFÍA, ETC. | |
| Nota de bibliografía, etc. | Includes bibliographical references (p. 208-210) and index. |
| 650 #0 - PUNTO DE ACCESO ADICIONAL DE MATERIA--TÉRMINO DE MATERIA | |
| Término de materia o nombre geográfico como elemento de entrada | Art, Latin American. |
| 9 (RLIN) | 1415 |
| 650 #0 - PUNTO DE ACCESO ADICIONAL DE MATERIA--TÉRMINO DE MATERIA | |
| Término de materia o nombre geográfico como elemento de entrada | Art, Latin American |
| Subdivisión cronológica | 20th century. |
| 9 (RLIN) | 1416 |
| 655 ## - TERMINO DE INDIZACIÓN--GENERO/FORMA | |
| Datos o término principal de género/forma | Historia del arte |
| 9 (RLIN) | 1417 |
| 740 01 - ENTRADA AGREGADA--TÍTULO RELACIONADO/ANALÍTICO NO CONTROLADO | |
| Título relacionado o analítico no controlado | Latin American art of the twentieth century. |
| 830 #0 - PUNTO DE ACCESO ADICIONAL DE SERIE-TÍTULO UNIFORME | |
| Título uniforme | World of art. |
| 9 (RLIN) | 774 |
| Estatus retirado | Estado de pérdida | Fuente del sistema de clasificación o colocación | Estado de daño | No para préstamo | Biblioteca de origen | Biblioteca actual | Ubicación en estantería | Fecha de adquisición | Total de préstamos | Signatura topográfica completa | Código de barras | Visto por última vez | Precio de reemplazo | Tipo de ítem Koha |
|---|---|---|---|---|---|---|---|---|---|---|---|---|---|---|
| Clasificación Decimal Dewey | Biblioteca LadoV | Biblioteca LadoV | 29/08/2014 | 709.04 L937-l | 000316 | 29/08/2014 | 29/08/2014 | Material 01 |
